000 00532nam a2200169Ia 4500
005 20250424120322.0
008 250424s9999 xx 000 0 und d
022 _a27052478
050 _aHC 59.7.S87/
245 0 _aSDGs monitor
260 _aAbuja, Nigeria
260 _bWestern Academy of Management
260 _c2017
300 _a51 p. :ill. ; 28 cm.
650 _aEconomic development--Developing countries. Developing countries--Economic conditions--21st century. Developing countries--Economic policy.
942 _cSR
999 _c38635
_d38635